[Event "KGZ-ch FL"]
[Site "Bishkek"]
[Date "2019.03.09"]
[Round "7"]
[White "Akmatov, Altay"]
[Black "Mamyrazakov, Artur"]
[Result "1-0"]
[WhiteElo "1834"]
[BlackElo "1372"]
[PlyCount "61"]
[EventDate "2019.03.03"]
[EventType "swiss"]
[EventRounds "9"]
[EventCountry "KGZ"]
[SourceTitle "EXT 2021"]
[Source "ChessBase"]
[SourceDate "2020.10.23"]
[SourceVersion "1"]
[SourceVersionDate "2020.10.23"]
[SourceQuality "1"]

1. d4 Nf6 2. Nf3 b6 3. g3 Bb7 4. Bg2 e6 5. 0-0 c5 6. c4 cxd4 7. Qxd4 Bc5 8. Qc3 0-0 9. b4 Be7 10. Bb2 d5 11. Nbd2 Nbd7 12. cxd5 Rc8 13. Qd4 exd5 14. Rac1 Rxc1 15. Rxc1 Ne8 16. Qf4 Bf6 17. Bxf6 Ndxf6 18. Nd4 Nd6 19. Nc6 Bxc6 20. Rxc6 Nde4 21. Nb3 Qd7 22. Nd4 h6 23. h4 Qe7 24. a3 Qb7 25. Nf5 Kh7 26. Bxe4 dxe4 27. Rxf6 e3 28. Rxh6+ Kg8 29. Nxg7 Rd8 30. f3 Qd7 31. Nf5 1-0

[Event "KGZ-ch FL"]
[Site "Bishkek"]
[Date "2019.03.07"]
[Round "5"]
[White "Isirailov, Tynar"]
[Black "Mamyrazakov, Artur"]
[Result "0-1"]
[WhiteElo "1676"]
[BlackElo "1372"]
[PlyCount "64"]
[EventDate "2019.03.03"]
[EventType "swiss"]
[EventRounds "9"]
[EventCountry "KGZ"]
[SourceTitle "EXT 2021"]
[Source "ChessBase"]
[SourceDate "2020.10.23"]
[SourceVersion "1"]
[SourceVersionDate "2020.10.23"]
[SourceQuality "1"]

1. d4 Nf6 2. c4 e6 3. Nc3 Bb4 4. Qc2 d5 5. e3 c5 6. Nf3 cxd4 7. Nxd4 0-0 8. a3 Bxc3+ 9. bxc3 Nc6 10. Bd3 a6 11. a4 Ne5 12. cxd5 exd5 13. Be2 Bg4 14. Bd3 Rc8 15. Ba3 Re8 16. 0-0 Bh5 17. Rfc1 Bg6 18. Bxg6 hxg6 19. Bb4 b6 20. a5 b5 21. h3 Nc4 22. Rab1 Ne4 23. Nf3 Nxa5 24. Qa2 Nc4 25. Qxa6 Ra8 26. Qxb5 Ra2 27. Rd1 Rxf2 28. Rxd5 Nxe3 29. Rg5 Nxg5 30. Kxf2 Nxf3 31. gxf3 Qd2+ 32. Qe2 Nd1+ 0-1

[Event "KGZ-ch FL"]
[Site "Bishkek"]
[Date "2019.03.03"]
[Round "1"]
[White "Mamyrazakov, Artur"]
[Black "Atakanov, Adil"]
[Result "0-1"]
[WhiteElo "1372"]
[BlackElo "1884"]
[PlyCount "68"]
[EventDate "2019.03.03"]
[EventType "swiss"]
[EventRounds "9"]
[EventCountry "KGZ"]
[SourceTitle "EXT 2021"]
[Source "ChessBase"]
[SourceDate "2020.10.23"]
[SourceVersion "1"]
[SourceVersionDate "2020.10.23"]
[SourceQuality "1"]

1. d4 Nf6 2. c4 g6 3. g3 Bg7 4. Bg2 0-0 5. Nf3 d6 6. 0-0 c6 7. Nc3 Nbd7 8. e4 e5 9. d5 cxd5 10. cxd5 Nc5 11. Qc2 a5 12. Nh4 b6 13. f4 Ba6 14. Rd1 exf4 15. Bxf4 Ng4 16. Nf3 Re8 17. h3 Ne5 18. Nd4 Rc8 19. Bf1 Bxf1 20. Kxf1 h6 21. Kg2 Qd7 22. b3 Nxe4 23. Qxe4 Rxc3 24. Re1 Rec8 25. Rad1 a4 26. Bd2 R3c7 27. Rc1 Rxc1 28. Rxc1 Rxc1 29. Bxc1 axb3 30. axb3 Qa7 31. Qc2 Qa5 32. Qe4 f5 33. b4 Qa2+ 34. Ne2 fxe4 0-1